00885nam a22002297a 4500999001900000005001700019010001500036020002600051035001400077037001300091082001000104100001800114245014300132260004300275270009400318300002100412500005100433700001900484700001600503942002400519952011200543 c147169d14716920230724162625.0 aENG-121263 a9789381496084c175.00 aEN-104795 bDBAD/PUB a331.4 aKothari, Manu aThe fourth gender:bhumanity beyond female-male equality in thought, language and action/cby Manu kothari, Jyoti Kothari [and] Lopa Mehta aMumbaibBhalani Publishing Housec2012 aBhalani Publishing House, 11 Mavawala Building Opp. K.E.M. Hospital ParelbMumbaie400012 a124p.c22cm(pbk) aIncludes bibliographical References, and Index aKothari, Jyoti aMehta, Lopa 2ddccENh331.4mKOT 001040708NFICaNRbNRd2017-11-06eDBAD/PUBg199.00l0o331.4 KAHpEN-104795r2017-11-06 00:00:00t1yEN